| 000 | 01141nam a22002177a 4500 | ||
|---|---|---|---|
| 001 | 0000000887 | ||
| 003 | PPM | ||
| 005 | 20260417114226.0 | ||
| 008 | 260417b ||||| |||| 00| 0 eng d | ||
| 035 | _a0000000887 | ||
| 040 |
_aPPM _bEng _cPusat Penyelidikan Mineral, Jabatan Mineral Dan Geosains Malaysia _dPPM _eRDA |
||
| 100 | 1 |
_aAhmad Firdaus b. Shamsul Baharin _eauthor |
|
| 245 | 1 | 0 |
_aLaporan PPM R023/2025 : Development Of Waste Treatment Technology From Non Radioactive-Rare Earth Element (NR-REE) Processing Plant (Waste Water Treatment Development Of Alum Crystal) , Disember 2025 / _cby Ahmad Firdaus b. Shamsul Baharin, Norinsafrina bt. Mustaffa Kamal, Ahmad Amirul Aiman b. Mohd Safie, Mohd Syahrir b. Mohd Rozi |
| 260 | 1 |
_aPerak : _bPusat Penyelidikan Mineral, Jabatan Mineral Dan Geosains Malaysia , _c2025 |
|
| 300 | 0 | 0 |
_avii, 28 pages .: _bsome colour, illustrations .; _c29 cm |
| 504 | _aIncludes bibliographical references | ||
| 700 | 1 |
_aNorinsafrina bt. Mustaffa Kamal _ejoint author |
|
| 700 | 1 |
_aAhmad Amirul Aiman b. Mohd Safie _ejoint author |
|
| 700 | 1 |
_aMohd Syahrir b. Mohd Rozi _ejoint author |
|
| 942 |
_2ddc _cRPT |
||
| 999 |
_c27203 _d27203 |
||